Contemporary dynamics of natural rubber: Performance, trends and support measures in key producing nations. (Record no. 75340)

MARC details
000 -LEADER
fixed length control field 01897nam a22001577a 4500
100 ## - MAIN ENTRY--AUTHOR NAME
Personal name Joseph, J.
245 ## - TITLE STATEMENT
Title Contemporary dynamics of natural rubber: Performance, trends and support measures in key producing nations.
260 ## - PUBLICATION, DISTRIBUTION, ETC. (IMPRINT)
Name of publisher Rubber Science, 37(1): 2024. 86-101.
520 ## - SUMMARY, ETC.
Summary, etc The livelihood of millions of families in major rubber-producing countries depends on natural rubber (NR) cultivation. Early 21st century’s high NR prices gave way to a sharp decline in the following decade, leading to abandonment of plantations, new planting and replanting of NR thereby reducing yield in many traditional NR producing nations. The declining enthusiasm in NR farming poses serious challenges for ensuring sustainable NR supply against growing demand. Institutional support play a pivotal role in sustaining NR production during price downturns. This paper examined trends and patterns in NR cultivation, production and consumption in major producing countries using time series data from 2001 to 2022. Additionally, it analyzed the support measures implemented during the period of price fall by the major NR producing countries. The study revealed diverse patterns and highlighted the need for robust support measures. Direct price support mechanisms, specifically those implemented in India, Malaysia and Thailand guaranteeing a minimum price for NR, have gained significant traction and endorsement. While these measures provide short-term relief to farmers, their long-term sustainability and financial feasibility warrant careful consideration. This study suggested that as global demand for NR rises, strategic interventions are imperative to navigate price volatility and ensure the resilience of NR cultivation.
650 ## - SUBJECT ADDED ENTRY--TOPICAL TERM
Topical Term NR production
650 ## - SUBJECT ADDED ENTRY--TOPICAL TERM
Topical Term Price support
650 ## - SUBJECT ADDED ENTRY--TOPICAL TERM
Topical Term Rubber cultivation
650 ## - SUBJECT ADDED ENTRY--TOPICAL TERM
Topical Term Sustainable supply
700 ## - ADDED ENTRY--PERSONAL NAME
Personal name Veeraputhran, S.
942 ## - ADDED ENTRY ELEMENTS (KOHA)
Koha item type Journals
Holdings
Withdrawn status Lost status Damaged status Not for loan Home library Current library Date acquired Koha item type
        RRII Library RRII Library 03/09/2024 Journals